| 000 | 00714nam a2200217 a 4500 | ||
|---|---|---|---|
| 999 |
_c3680 _d3680 |
||
| 001 | 3680 | ||
| 003 | BD-JhCC | ||
| 005 | 20171116092106.0 | ||
| 008 | 171116s1980 bg |||| ||a| 000 0 ben d | ||
| 035 | _a(BD-JhCC)3680 | ||
| 040 |
_aBD-JhCC _dBD-JhCC |
||
| 041 | _aben | ||
| 082 |
_a891.4409 _bTAB 1980 |
||
| 100 | _aতালিব, মুহাম্মদ আবু | ||
| 245 |
_aউপেক্ষিত সাহিত্য-সাধক : সাতজন / _cমুহাম্মদ আবু তালিব |
||
| 260 |
_aঢাকা : _bইসলামিক ফাউন্ডেশন, _c1980. |
||
| 300 |
_a148 p. : _c22 cm. |
||
| 650 | _aCollection of essays | ||
| 942 |
_2ddc _cBK |
||